[Event "307th YMCA Autumn B"]
[Site "Warsaw"]
[Date "2025.11.20"]
[Round "9"]
[White "Markiewicz, Michal"]
[Black "Pettersson, Alexander"]
[Result "1-0"]
[WhiteElo "1890"]
[BlackElo "1829"]
[PlyCount "106"]
[EventDate "2025.09.25"]
[EventType "tourn"]
[EventRounds "1"]
[EventCountry "POL"]
[SourceDate "2025.09.25"]

1. d4 Nf6 2. c4 d6 3. Nc3 e5 4. Nf3 Nbd7 5. e4 g6 6. Be2 Bg7 7. O-O O-O 8. Qc2
Nh5 9. Rd1 Nf4 10. Bf1 c6 11. d5 c5 12. g3 Nh5 13. Be2 Kh8 14. Bg5 Bf6 15. Be3
Be7 16. Bh6 Ng7 17. Qd2 a6 18. h4 f6 19. a3 Rf7 20. b4 f5 21. Ng5 Bxg5 22. Bxg5
Qf8 23. Bh6 Qe8 24. Rab1 b6 25. bxc5 bxc5 26. Qg5 f4 27. Bg4 Nf6 28. Bxc8 Qxc8
29. Rb6 Qh3 30. f3 fxg3 31. Rd2 Nge8 32. Rg2 Qd7 33. Qxg3 Nh5 34. Qg4 Qc7 35.
Rgb2 Nf4 36. Rb7 Qxb7 37. Rxb7 Rxb7 38. Bxf4 exf4 39. Qxf4 Kg8 40. e5 Rf7 41.
Qe3 dxe5 42. Qxe5 Rxf3 43. Qe6+ Kg7 44. Ne4 Rf7 45. Ng5 Rb7 46. Qe5+ Kg8 47. d6
Rab8 48. Qd5+ Kg7 49. d7 Rb1+ 50. Kg2 R8b2+ 51. Kg3 Rg1+ 52. Kf4 Rf2+ 53. Nf3
Rg4+ $138 1-0

[Event "307th YMCA Autumn B"]
[Site "Warsaw"]
[Date "2025.12.02"]
[Round "9"]
[White "Kadzinski, Wieslaw"]
[Black "Pietrzak, Wojciech"]
[Result "1-0"]
[WhiteElo "1915"]
[BlackElo "1844"]
[PlyCount "67"]
[EventDate "2025.09.25"]
[EventType "tourn"]
[EventRounds "1"]
[EventCountry "POL"]
[SourceDate "2025.09.25"]

1. e4 e5 2. Nf3 Nc6 3. d4 exd4 4. Bc4 Bc5 5. c3 Nf6 6. e5 d5 7. Bb5 Ne4 8. cxd4
Bb6 9. Nc3 O-O 10. h3 f6 11. O-O Ne7 12. exf6 Nxf6 13. Bg5 Bf5 14. Re1 c6 15.
Bd3 $11 Bxd3 16. Qxd3 Qd6 17. Re2 Ng6 18. Ne5 Ne4 19. Nxe4 Nxe5 20. dxe5 Qg6
21. Be3 Bxe3 22. Qxe3 dxe4 23. Qxe4 Qe6 24. b3 Rad8 25. f4 g5 26. fxg5 Rf5 27.
h4 Rd5 28. Rae1 Kg7 29. g4 Rfxe5 30. Qf3 Kg6 31. Rxe5 Rxe5 32. Qd3+ Kg7 33. Qd4
Kg8 34. Rxe5 1-0

[Event "307th YMCA Autumn B"]
[Site "Warsaw"]
[Date "2025.11.20"]
[Round "9"]
[White "Mazurek, Jerzy"]
[Black "Moskwinski, Marek"]
[Result "1-0"]
[WhiteElo "1922"]
[BlackElo "1907"]
[PlyCount "32"]
[EventDate "2025.09.25"]
[EventType "tourn"]
[EventRounds "1"]
[EventCountry "POL"]
[SourceDate "2025.09.25"]

1. e4 c5 2. Nf3 d6 3. d4 cxd4 4. Nxd4 Nf6 5. Nc3 Nc6 6. Bb5 Bd7 7. Bg5 Nxd4 8.
Bxd7+ Qxd7 9. Qxd4 Qg4 10. Bxf6 gxf6 11. Nd5 Rc8 12. O-O b6 13. a4 Bg7 14. a5
e6 15. Qa4+ Kf8 16. Qd7 Rxc2 1-0

[Event "307th YMCA Autumn B"]
[Site "Warsaw"]
[Date "2025.11.04"]
[Round "9"]
[White "Jaroszuk, Marcin"]
[Black "Bobinski, Lukasz"]
[Result "0-1"]
[WhiteElo "1735"]
[BlackElo "1914"]
[PlyCount "80"]
[EventDate "2025.09.25"]
[EventType "tourn"]
[EventRounds "1"]
[EventCountry "POL"]
[SourceDate "2025.09.25"]

1. d4 Nf6 2. Nc3 d5 3. Bf4 e6 4. Nb5 Bb4+ 5. c3 Ba5 6. a4 a6 7. b4 Bxb4 8. cxb4
axb5 9. axb5 Rxa1 10. Qxa1 Nh5 11. Be5 f6 12. Bg3 Nxg3 13. hxg3 Qd6 14. Qb1 g6
15. e3 e5 16. Nf3 e4 17. Nd2 O-O 18. Be2 Be6 19. O-O Nd7 20. Qb3 f5 21. Ra1 Rf7
22. Ra7 b6 23. Qc3 Nf8 24. Ra4 Bd7 25. Nb1 g5 26. Ra3 Ne6 27. Ra8+ Kg7 28. Nd2
Rf6 29. Ra7 h5 30. Ra8 h4 31. Nf1 f4 32. gxf4 gxf4 33. Bg4 f3 34. gxf3 Rg6 35.
Nh2 Ng5 36. f4 Nf3+ 37. Kh1 Bxg4 38. Nxg4 Rxg4 39. Ra1 h3 40. Qa3 h2 0-1

[Event "307th YMCA Autumn B"]
[Site "Warsaw"]
[Date "2025.11.26"]
[Round "10"]
[White "Pietrzak, Wojciech"]
[Black "Mazurek, Jerzy"]
[Result "1-0"]
[WhiteElo "1844"]
[BlackElo "1922"]
[PlyCount "77"]
[EventDate "2025.09.25"]
[EventType "tourn"]
[EventRounds "1"]
[EventCountry "POL"]
[SourceDate "2025.09.25"]

1. e4 e5 2. Nf3 Nc6 3. Bb5 a6 4. Ba4 Nf6 5. O-O Nxe4 6. d4 b5 7. Bb3 d5 8. dxe5
Be6 9. c3 Be7 10. Qe2 Nc5 11. Bc2 Bg4 12. Rd1 b4 13. h3 Bh5 14. Bd2 a5 15. Qb5
Qd7 16. Bf5 Ne6 17. g4 Bg6 18. Be1 Nxe5 19. Qxd7+ Nxd7 20. Rxd5 Bxf5 21. gxf5
Nf4 22. Rb5 c6 23. Rb7 Nc5 24. Rc7 Nfd3 25. Nbd2 Bd6 26. Rxc6 Kd7 27. Nd4 Ne5
28. Rb6 Na4 29. Rb5 Nxb2 30. Ne4 Rhb8 31. Rd5 Nec4 32. Nb5 Rxb5 33. Rxb5 f6 34.
Rb7+ Bc7 35. cxb4 Kc6 36. Nc5 axb4 37. Bxb4 Nd3 38. Rxc7+ Kxc7 39. Nxd3 1-0

[Event "307th YMCA Autumn B"]
[Site "Warsaw"]
[Date "2025.11.26"]
[Round "10"]
[White "Pettersson, Alexander"]
[Black "Kadzinski, Wieslaw"]
[Result "1/2-1/2"]
[WhiteElo "1829"]
[BlackElo "1915"]
[PlyCount "110"]
[EventDate "2025.09.25"]
[EventType "tourn"]
[EventRounds "1"]
[EventCountry "POL"]
[SourceDate "2025.09.25"]

1. d4 Nf6 2. c4 c5 3. d5 e5 4. Nc3 d6 5. e4 Be7 6. Be2 O-O 7. Nf3 Ne8 8. O-O g6
9. Ne1 Nd7 10. Nd3 Bg5 11. f4 exf4 12. Bxf4 Bxf4 13. Rxf4 Qg5 14. Qf1 a6 15.
Qf2 Ne5 16. Rf1 f6 17. h4 Nxd3 18. hxg5 Nxf2 19. R1xf2 Kg7 20. g3 Bd7 $11 21.
a4 b6 22. Bf1 Rb8 23. Kh2 Rb7 24. Bh3 Bxh3 25. Kxh3 h6 26. gxh6+ Kxh6 27. Rh4+
Kg7 28. Rh2 Rh8 29. g4 Rxh4+ 30. Kxh4 Nc7 31. g5 Rb8 32. gxf6+ Kxf6 33. Rf2+
Kg7 34. Kg5 Rh8 35. Kg4 $11 Ne8 36. e5 dxe5 37. Ne4 Rh1 $11 38. a5 bxa5 39.
Nxc5 Nf6+ 40. Kg3 Rc1 41. b3 a4 42. bxa4 Rxc4 43. Ne6+ Kf7 44. a5 Ke7 45. Kf3
Nxd5 46. Ng5 Nf6 47. Rb2 e4+ 48. Kf4 Nd5+ 49. Ke5 Nb4 50. Rh2 Rc5+ 51. Kf4 Nd3+
52. Kg4 Ne5+ 53. Kf4 Nf3 54. Rh7+ Ke8 55. Nxe4 Rf5+ $11 1/2-1/2

[Event "307th YMCA Autumn B"]
[Site "Warsaw"]
[Date "2025.12.02"]
[Round "10"]
[White "Bartczak, Hanna"]
[Black "Markiewicz, Michal"]
[Result "0-1"]
[WhiteElo "1739"]
[BlackElo "1890"]
[PlyCount "128"]
[EventDate "2025.09.25"]
[EventType "tourn"]
[EventRounds "1"]
[EventCountry "POL"]
[SourceDate "2025.09.25"]

1. d4 Nf6 2. c4 g6 3. Nc3 d5 4. cxd5 Nxd5 5. e4 Nxc3 6. bxc3 c5 7. Bb5+ Nd7 8.
Qa4 Bg7 9. Nf3 O-O 10. Be3 cxd4 11. Bxd4 Nf6 12. e5 Nd5 13. O-O Bg4 14. Be2 Nf4
15. Qd1 Qd5 16. h3 Nxe2+ 17. Qxe2 Bf5 18. Rfe1 Rfc8 19. Rad1 Qa5 20. Qb2 Qa6
21. Ng5 h6 22. Ne4 Qc6 23. f3 b6 24. Qb4 Rc7 25. a4 Qc4 26. Rb1 Qxb4 27. Rxb4
Bd7 28. Ra1 Bc6 29. Ng3 e6 30. Kf2 Bf8 31. Rc4 Rac8 32. Be3 Bd5 33. Rxc7 Rxc7
34. Ne2 Bc4 35. Bd4 Bc5 36. a5 b5 37. Ng3 Bxd4+ 38. cxd4 Bd5 39. Ne4 Rc2+ 40.
Kg3 Bxe4 41. fxe4 Rd2 42. Rb1 a6 43. Rb4 Ra2 44. d5 Ra4 45. Rb3 Rxe4 46. Rd3
Kf8 47. d6 Ke8 48. d7+ Kd8 49. Rd6 Rxe5 50. Rxa6 Kxd7 51. Ra7+ Kc6 52. Rxf7 b4
53. a6 Ra5 54. a7 b3 55. Rf6 Rxa7 56. Rxe6+ Kc5 57. Re5+ Kc4 58. Re4+ Kc3 59.
Re3+ Kc2 60. Re2+ Kb1 61. Re6 b2 62. Rxg6 Rb7 63. Rxh6 Kc2 64. Rc6+ Kb3 0-1

[Event "307th YMCA Autumn B"]
[Site "Warsaw"]
[Date "2025.12.02"]
[Round "10"]
[White "Sucharski, Jakub"]
[Black "Basiaga, Sebastian"]
[Result "1/2-1/2"]
[WhiteElo "1815"]
[BlackElo "1881"]
[PlyCount "77"]
[EventDate "2025.09.25"]
[EventType "tourn"]
[EventRounds "1"]
[EventCountry "POL"]
[SourceDate "2025.09.25"]

1. e4 e5 2. Nf3 Nc6 3. d4 exd4 4. Bc4 Nf6 5. e5 d5 6. Bb5 Ne4 7. Nxd4 Bd7 8.
Bxc6 bxc6 9. O-O Bc5 10. f3 Ng5 11. f4 Ne4 12. Be3 Bb6 13. Nd2 Nxd2 14. Qxd2 c5
15. Nf3 d4 16. Bf2 O-O 17. Bh4 Qc8 18. a4 a6 19. b3 Bf5 20. Kh1 Qd7 21. Ng1 f6
22. Nf3 Qc6 23. Rae1 Rad8 24. exf6 gxf6 25. Qf2 Rde8 26. Qg3+ Kh8 27. Rxe8 Rxe8
28. Re1 Re3 29. Rxe3 dxe3 30. Qe1 c4 31. Qc3 Kg7 32. a5 Ba7 33. Qb4 Kf7 34.
Ne5+ fxe5 35. Qe7+ Kg8 36. Qd8+ Kf7 37. Qe7+ Kg8 38. Qd8+ Kf7 39. Qe7+ 1/2-1/2

[Event "307th YMCA Autumn B"]
[Site "Warsaw"]
[Date "2025.12.04"]
[Round "11"]
[White "Markiewicz, Michal"]
[Black "Sucharski, Jakub"]
[Result "1-0"]
[WhiteElo "1890"]
[BlackElo "1815"]
[PlyCount "71"]
[EventDate "2025.09.25"]
[EventType "tourn"]
[EventRounds "1"]
[EventCountry "POL"]
[SourceDate "2025.09.25"]

1. d4 d5 2. c4 e6 3. cxd5 exd5 4. Nc3 Nf6 5. Bg5 c6 6. e3 Be6 7. Bd3 Nbd7 8.
Nge2 h6 9. Bh4 g5 10. Bg3 Nh5 11. Qc2 Nxg3 12. Nxg3 h5 13. Nf5 Rc8 14. Qe2 Qf6
15. e4 Bxf5 16. exf5+ Kd8 17. Qd2 Bd6 18. Ne2 h4 19. O-O-O c5 20. Kb1 c4 21.
Bc2 Nb6 22. Qa5 Qe7 23. Nc3 Bb4 24. Qb5 Qd6 25. Na4 Nxa4 26. Bxa4 b6 27. a3 Ba5
28. Rc1 Bd2 29. Rc2 Bf4 30. Re1 g4 31. Rce2 Bg5 32. Re5 a6 33. Qxa6 Rb8 34. Qb5
Kc8 35. Rxd5 Qc7 36. Rd7 1-0

[Event "307th YMCA Autumn B"]
[Site "Warsaw"]
[Date "2025.12.04"]
[Round "11"]
[White "Kadzinski, Wieslaw"]
[Black "Bartczak, Hanna"]
[Result "1-0"]
[WhiteElo "1915"]
[BlackElo "1739"]
[PlyCount "61"]
[EventDate "2025.09.25"]
[EventType "tourn"]
[EventRounds "1"]
[EventCountry "POL"]
[SourceDate "2025.09.25"]

1. e4 d6 2. d4 Nf6 3. Nc3 g6 4. f4 Bg7 5. Nf3 c5 6. dxc5 Qa5 7. Bd3 Qxc5 8. Qe2
Ng4 9. Bd2 Bd7 10. h3 Nf6 11. Be3 Qa5 12. O-O Nc6 13. a3 O-O 14. Rad1 Nh5 15.
Qf2 Bxc3 16. bxc3 Qxc3 17. g4 Ng7 18. Qh4 f6 19. Qh6 Rf7 20. f5 g5 21. Bxg5
fxg5 22. Nxg5 Nxf5 23. gxf5 Rg7 24. Kh1 Qf6 25. Qxf6 exf6 26. Bc4+ Kf8 27. Rxd6
Ke7 28. Rfd1 Ne5 29. Nf3 Bc6 30. Re6+ Kf7 31. Rxe5+ 1-0

[Event "307th YMCA Autumn B"]
[Site "Warsaw"]
[Date "2025.12.04"]
[Round "11"]
[White "Mazurek, Jerzy"]
[Black "Pettersson, Alexander"]
[Result "1-0"]
[WhiteElo "1922"]
[BlackElo "1829"]
[PlyCount "65"]
[EventDate "2025.09.25"]
[EventType "tourn"]
[EventRounds "1"]
[EventCountry "POL"]
[SourceDate "2025.09.25"]

1. Nf3 Nf6 2. g3 d5 3. Bg2 e6 4. O-O c5 5. d3 Nc6 6. Nbd2 Be7 7. e4 O-O 8. e5
Nd7 9. Re1 b6 10. Nf1 Bb7 11. h4 Qc7 12. Bf4 Nd4 13. N1h2 Nxf3+ 14. Qxf3 Rfe8
15. h5 Rab8 16. Qg4 d4 17. Bh6 g6 18. hxg6 hxg6 19. f4 c4 20. Re2 cxd3 21. cxd3
Rbc8 22. Nf3 Bxf3 23. Bxf3 Bf8 24. Bg5 Bg7 25. Qh4 Qc5 26. Rh2 Nxe5 27. fxe5
Qxe5 28. Re2 Qb5 29. Rd1 Rc5 30. Bh6 Bh8 31. Rh2 Rec8 32. Bg5 Bg7 33. Bf6 1-0

[Event "307th YMCA Autumn B"]
[Site "Warsaw"]
[Date "2025.12.04"]
[Round "11"]
[White "Bobinski, Lukasz"]
[Black "Moskwinski, Marek"]
[Result "1/2-1/2"]
[WhiteElo "1914"]
[BlackElo "1907"]
[PlyCount "117"]
[EventDate "2025.09.25"]
[EventType "tourn"]
[EventRounds "1"]
[EventCountry "POL"]
[SourceDate "2025.09.25"]

1. e4 c5 2. Nf3 Nc6 3. d4 cxd4 4. Nxd4 Nf6 5. Nc3 e5 6. Ndb5 a6 7. Nd6+ Bxd6 8.
Qxd6 Qe7 9. Qd1 h6 10. Be3 Qb4 11. a3 Qa5 12. b4 Qd8 13. Bc5 b6 14. Bd6 Ne7 15.
Bxe5 Bb7 16. Bd3 Rc8 17. O-O Ng6 18. Bd4 O-O 19. Qd2 Re8 20. Rae1 d5 21. e5 Ne4
22. Nxe4 dxe4 23. Bxe4 Bxe4 24. Rxe4 Rxe5 25. Rxe5 Nxe5 26. Rd1 f6 27. h3 Qd5
28. Bxb6 Qxd2 29. Rxd2 Nc4 30. Rd8+ Rxd8 31. Bxd8 Nxa3 32. c3 Kf7 33. Kf1 Nb1
34. Ke2 Nxc3+ 35. Kd3 Nd5 36. Kc4 Nf4 37. Bc7 Nxg2 38. Kc5 Ne1 39. Kb6 Nd3 40.
Bd6 Ke6 41. Bf8 Nxf2 42. Kxa6 Nd3 43. b5 Kf7 44. Ba3 g5 45. b6 Ne5 46. b7 Nd7
47. Kb5 Ke6 48. Kc6 f5 49. Bd6 f4 50. Bc7 h5 51. h4 f3 52. Bg3 gxh4 53. Bxh4
Nb8+ 54. Kc5 Nd7+ 55. Kc6 Nb8+ 56. Kc7 Nd7 57. Kc8 Kd6 58. Bg3+ Kc6 $11 59. Bf2
1/2-1/2

[Event "307th YMCA Autumn B pff"]
[Site "Warsaw"]
[Date "2025.12.11"]
[Round "12"]
[White "Kadzinski, Wieslaw"]
[Black "Sucharski, Jakub"]
[Result "1/2-1/2"]
[WhiteElo "1902"]
[BlackElo "1871"]
[PlyCount "70"]
[EventDate "2025.09.25"]
[EventType "tourn"]
[EventRounds "2"]
[EventCountry "POL"]
[SourceDate "2025.12.04"]

1. e4 c5 2. Nf3 Nc6 3. d4 cxd4 4. Nxd4 Nf6 5. Nc3 e6 6. g3 Bb4 7. Bg2 d5 8.
exd5 Nxd5 9. Nxc6 bxc6 10. O-O O-O 11. Ne4 Ba6 12. Re1 Bxe1 13. Qxe1 Qb6 14. b3
Nb4 15. Bb2 f6 16. Nd6 e5 17. Be4 Rad8 18. Nf5 Rd7 19. a3 Nd5 20. Qd1 Bc8 21.
Qh5 $11 g6 22. Nh6+ Kg7 23. Qh4 Re7 24. b4 a5 25. c4 Nc7 26. Bc3 axb4 27. axb4
Be6 28. c5 Qb5 29. Bxe5 Qxb4 30. Bd6 Rfe8 31. Bxc6 Qxh4 32. gxh4 Kxh6 33. Bxe8
Rxe8 34. Bxc7 Kh5 35. Bg3 Bd5 1/2-1/2

[Event "307th YMCA Autumn B pff"]
[Site "Warsaw"]
[Date "2025.12.11"]
[Round "12"]
[White "Markiewicz, Michal"]
[Black "Pietrzak, Wojciech"]
[Result "1-0"]
[WhiteElo "1884"]
[BlackElo "1848"]
[PlyCount "95"]
[EventDate "2025.09.25"]
[EventRounds "2"]
[EventCountry "POL"]
[SourceDate "2025.12.04"]

1. c4 e5 2. Nc3 Nc6 3. Nf3 Bc5 4. g3 a6 5. Bg2 d6 6. d3 h6 7. O-O Nge7 8. e3
Ba7 9. d4 exd4 10. exd4 Bg4 11. Ne2 Qd7 12. Qa4 Qf5 13. Qb3 O-O 14. d5 Ne5 15.
Ned4 Qh5 16. Nxe5 dxe5 17. Nc2 Nf5 18. Be3 Bxe3 19. fxe3 b5 20. c5 Rfe8 21. e4
Nd4 22. Nxd4 exd4 23. Rae1 Be2 24. Bf3 Bxf3 25. Qxf3 Qxf3 26. Rxf3 Rad8 27. Kf2
Re5 28. b4 f5 29. Rxf5 Rxf5+ 30. exf5 Rxd5 31. g4 Kf7 32. Rd1 Kf6 33. Rd3 Kg5
34. Kf3 Rd8 35. h3 h5 36. Kg3 h4+ 37. Kf3 Re8 38. Rxd4 Re1 39. Rd7 Rf1+ 40. Kg2
Ra1 41. Rxg7+ Kf4 42. f6 Rxa2+ 43. Kf1 Kf3 44. Ke1 a5 45. Re7 Ra1+ 46. Kd2 Rf1
47. Re5 Rf2+ 48. Kd3 1-0

[Event "307th YMCA Autumn B pff"]
[Site "Warsaw"]
[Date "2025.12.11"]
[Round "12"]
[White "Basiaga, Sebastian"]
[Black "Moskwinski, Marek"]
[Result "1-0"]
[WhiteElo "1875"]
[BlackElo "1873"]
[PlyCount "61"]
[EventDate "2025.09.25"]
[EventType "tourn"]
[EventRounds "2"]
[EventCountry "POL"]
[SourceDate "2025.12.04"]

1. b3 d5 2. Bb2 Nf6 3. e3 c5 4. Nf3 e6 5. Be2 Nc6 6. O-O Bd6 7. Bb5 Bd7 8. Bxc6
Bxc6 9. d4 Rc8 10. Nbd2 cxd4 11. exd4 Qc7 12. Re1 Ne4 13. Nxe4 dxe4 14. Ne5 O-O
15. Nxc6 bxc6 16. Qh5 f5 17. g3 Rf6 18. c4 Rh6 19. Qe2 c5 20. d5 Be5 21. Rad1
Rd8 22. Bxe5 Qxe5 23. Qe3 Qc7 24. dxe6 Rxd1 25. Rxd1 Rxe6 26. Rd5 Qa5 27. Rxf5
Qxa2 28. Qxc5 Qa1+ 29. Kg2 Rf6 30. Qd5+ Kf8 31. Rxf6+ 1-0

[Event "307th YMCA Autumn B pff"]
[Site "Warsaw"]
[Date "2025.12.11"]
[Round "12"]
[White "Jaroszuk, Marcin"]
[Black "Pettersson, Alexander"]
[Result "1/2-1/2"]
[WhiteElo "1703"]
[BlackElo "1810"]
[PlyCount "73"]
[EventDate "2025.09.25"]
[EventType "tourn"]
[EventRounds "2"]
[EventCountry "POL"]
[SourceDate "2025.12.04"]

1. Nf3 Nf6 2. g3 d6 3. d4 Nbd7 4. Bg2 e5 5. c4 Be7 6. O-O c6 7. dxe5 dxe5 8.
Nc3 O-O 9. Qc2 Re8 10. Rd1 Qc7 11. b3 Bf8 12. h3 $11 a5 13. Be3 Bc5 14. Bxc5
Nxc5 15. e3 h6 16. Nd2 Be6 17. Kh2 Rad8 18. Nde4 Nfxe4 19. Nxe4 Nxe4 20. Bxe4
Qc8 21. g4 c5 22. f3 b6 23. Bf5 Bxf5 24. gxf5 e4 25. fxe4 Qc7+ 26. Kg2 Qe5 27.
Kf3 g6 28. Rxd8 Rxd8 29. Rd1 Rxd1 30. Qxd1 gxf5 31. Qd5 fxe4+ 32. Qxe4 Qh2 33.
Qg4+ Kh7 34. Qf5+ Kg7 35. Qg4+ Kh7 36. Qf5+ Kg7 37. Qg4+ 1/2-1/2

[Event "307th YMCA Autumn B pff"]
[Site "Warsaw"]
[Date "2025.12.18"]
[Round "13"]
[White "Sucharski, Jakub"]
[Black "Markiewicz, Michal"]
[Result "1/2-1/2"]
[WhiteElo "1871"]
[BlackElo "1884"]
[PlyCount "39"]
[EventDate "2025.09.25"]
[EventRounds "2"]
[EventCountry "POL"]
[SourceDate "2025.12.04"]

1. e4 c5 2. Nc3 e6 3. Nf3 d5 4. exd5 exd5 5. d4 Nf6 6. Bg5 Be6 7. Bb5+ Nc6 8.
dxc5 Bxc5 9. Bxf6 Qxf6 10. Nxd5 Qd8 11. Nc3 O-O 12. Qxd8 Rfxd8 13. Bxc6 bxc6
14. O-O Bf5 15. Na4 Be7 16. c3 Bc2 17. b3 Bf6 18. Rac1 Bf5 19. Rfd1 Bg4 20. c4
$11 1/2-1/2

[Event "307th YMCA Autumn B pff"]
[Site "Warsaw"]
[Date "2025.12.18"]
[Round "13"]
[White "Bobinski, Lukasz"]
[Black "Basiaga, Sebastian"]
[Result "1-0"]
[WhiteElo "1874"]
[BlackElo "1875"]
[PlyCount "63"]
[EventDate "2025.09.25"]
[EventType "tourn"]
[EventRounds "2"]
[EventCountry "POL"]
[SourceDate "2025.12.04"]

1. e4 e5 2. Nf3 Nf6 3. Nc3 Nc6 4. g3 Bc5 5. Bg2 d6 6. O-O a6 7. d3 O-O 8. Be3
Ba7 9. Bxa7 Rxa7 10. h3 Be6 11. d4 exd4 12. Nxd4 Ra8 13. f4 Nxd4 14. Qxd4 c5
15. Qd2 b5 16. Rad1 b4 17. Ne2 Rb8 18. b3 Qa5 19. g4 h6 20. f5 Bd7 21. a4 Bc6
22. e5 Ne4 23. Qe3 d5 24. f6 g5 25. Bxe4 dxe4 26. Rf5 Rfd8 27. Rxg5+ Kf8 28.
Rg8+ Kxg8 29. Qxh6 Rxd1+ 30. Kh2 Rh1+ 31. Kxh1 e3+ 32. Kh2 1-0

[Event "307th YMCA Autumn B pff"]
[Site "Warsaw"]
[Date "2025.12.18"]
[Round "13"]
[White "Bartczak, Hanna"]
[Black "Jaroszuk, Marcin"]
[Result "1/2-1/2"]
[WhiteElo "1729"]
[BlackElo "1703"]
[PlyCount "101"]
[EventDate "2025.09.25"]
[EventType "tourn"]
[EventRounds "2"]
[EventCountry "POL"]
[SourceDate "2025.12.04"]

1. d4 d5 2. Nc3 Nf6 3. Bf4 c5 4. e3 cxd4 5. exd4 Bg4 6. f3 Bd7 7. Bd3 Nc6 8.
Nb5 Rc8 9. c3 a6 10. Na3 e6 11. Nc2 Nh5 12. Be3 Bd6 13. Ne2 Qc7 14. g3 O-O 15.
Bf2 Na5 16. Ne3 Bb5 17. Bxb5 axb5 18. O-O f5 19. Ng2 g5 20. Qd2 Qe7 21. f4 g4
22. Nc1 Nf6 23. Nd3 Ne4 24. Qe2 Rc7 25. Ne5 Nc4 26. Rfd1 Bxe5 27. dxe5 Nxf2 28.
Qxf2 Qc5 29. Rd4 Na5 30. Rb4 $11 Rd8 31. Ne1 Qxf2+ 32. Kxf2 Nc6 33. Rxb5 d4 34.
cxd4 Rxd4 35. Rc1 Rd2+ 36. Kg1 Rcd7 37. a4 Nd4 38. Rc8+ Kf7 39. Rbc5 Rxb2 40.
R8c7 Ke7 41. Rxd7+ Kxd7 42. Rc4 Nf3+ 43. Nxf3 gxf3 44. Rc3 Rg2+ 45. Kf1 Rxh2
46. Rxf3 Rd2 47. Rb3 Kc6 48. a5 Rd8 49. Rb6+ Kd5 50. Ke2 Rd7 51. Ke3 1/2-1/2